| 000 | 01271nam a22003497a 4500 | ||
|---|---|---|---|
| 003 | CHAP | ||
| 005 | 20220329140557.0 | ||
| 008 | 971013s1994 r 00010 d | ||
| 010 | _a54203 | ||
| 011 | _a55175 | ||
| 035 | _a59327 | ||
| 040 | _cCHAP | ||
| 090 | _aFolleto 14539 | ||
| 100 | 0 | 0 |
_aVolke Haller, Víctor. _9120643 |
| 245 | _aRecomendaciones de fertilización para maíz en agrosistemas del sur del estado de Tlaxcala | ||
| 260 |
_aMontecillo, Méx. : _bColegio de Postgraduados en Ciencias Agrícolas. Instituto de Recursos Naturales. Programa de Edafología, _c1994 |
||
| 300 |
_a56 p. _b: mapa |
||
| 490 |
_aCuaderno de edafología _v; 23 |
||
| 590 |
_aBATCH-UPD _b10 _c20130110 _lUCH01 _h0700 |
||
| 590 |
_aBATCH-UPD _b10 _c20130410 _lUCH01 _h0346 |
||
| 590 |
_aBATCH-UPD _b10 _c20130914 _lUCH01 _h1107 |
||
| 590 |
_aCONVERSION _b10 _c20130109 _lUCH01 _h1329 |
||
| 650 | 1 | 4 |
_aFertilizantes para maíz. _940625 |
| 650 | 1 | 4 |
_aMaíz _xRendimiento. _971051 |
| 650 | 1 | 4 |
_aMaíz _xTlaxcala. _971071 |
| 700 | 0 |
_aGarcía Morín, Aurora. _946343 |
|
| 830 | 0 |
_aCuaderno de edafología _v; 23 _929712 |
|
| 901 | _aBK | ||
| 942 | _cFOLL | ||
| 949 |
_aFolleto 14539 _bBC _cFOLL _d-128280 _eTS1 _i59327 _si |
||
| 949 |
_aFolleto 14539 _bBC _cUACH _d-128281 _eUACH _fc.2 _i59327 _si |
||
| 999 |
_c54203 _d54203 |
||